Statystyki dla Polskie przeboje po pierwszych wersach

Kliknij tutaj aby rozwiązać quiz!

Ogólne statystyki

  • Ten quiz został rozwiązany 220 razy
  • Średni wynik to 14 z 30

Statystyki odpowiedzi

TekstPiosenka% Poprawnych
Pole, pole, łyse pole, ale mam już planŚciernisko - Golec uOrkiestra
82%
Mam tak samo jak ty | Miasto moje a w nimSen o Warszawie - Czesław Niemen
78%
To był maj, pachniała Saska Kępa | Szalonym, zielonym bzemMałgośka - Maryla Rodowicz
77%
Miałem dzięsieć lat | Gdy usłyszał o nim światAutobiografia - Perfect
74%
Tyle było dni do utraty sił | Do utraty tchu, tyle było chwilDni, których nie znamy - Marek Grechuta
74%
Myślisz może, że więcej coś znaczysz | Bo masz rozum, dwie ręce i chęćMniej niż Zero - Lady Pank
66%
Było ciepłe lato, choć czasem padało | Dużo wina się piło i mało się spałoAgnieszka - Łzy
62%
Na sali wielkiej i błyszczącej | Tak jak nocne Buenos AiresTakie Tango - Budka Suflera
62%
Dzień-wspomnienia lata | Dzień-słoneczne ćmyTyle Słońca w Całym Mieście - Anna Jantar
62%
Teraz już wszystko wiem, bawiłem grubo się w AmeryceMiłość w Zakopanem - Sławomir
61%
Pamiętam dobrze ideał swój | Marzeniami żyłem jak królWehikuł Czasu - Dżem
58%
Za rok może dwa schodami na strych | Odejdą z ołowiu żołnierzeKonik na Biegunach - Urszula
54%
To Twoja flaga, nasz młody przyjacielu | Nie musisz kochać jej barw, o nieBiała Armia - Bajm
50%
Mój sokole chmurnooki | Pytaj o mnie | Gór wysokichDumka na Dwa Serca - E. Górniak i M. Szcześniak
50%
W dużej sali duży stół | A przy nim gości tłumPrawy do Lewego - Kayah & Bregović
46%
Mieszkałaś gdzieś w domu nad Wisłą | Pamiętam to tak dokładnieKocham Cię jak Irlandię - Kobranocka
45%
Gdzie oni są? | Ci wszyscy moi przyjaciele -ele-ele-ele-ele-eleBiała Flaga - Republika
42%
Jedna flaszka, druga flaszka i też trzecia, kurde bele, leciGdy nie ma dzieci - Kult
40%
W starym albumie u mego dziadka | Jest takie zdjęcie, istny cudParostatek - Krzysztof Krawczyk
40%
Na zycie patrzysz bez emocji | Na przekór czasom I ludziom wbrewPrzeżyj to Sam - Lombard
39%
Za oknem zimowo zaczyna się dzień | Zaczynam kolejny dzień życiaWarszawa - T.Love
39%
Od tego trzeba zacząć rzecz | Lecę bo zgubiłem sięBohema - Wilki
27%
To co się dzieje naprawdę nie istnieje | Więc nie warto mieć niczego, tylko karmić zmysłyKiler - Elektryczne Gitary
26%
Smutne oczy piękne oczy | Smutne usta bez uśmiechuAnna Maria - Czerwone Gitary
23%
Czuję, jak serce rwie się do ciebie | Jak mam bronić, kiedy ich jest więcejW Dobrą Stronę - Dawid Podsiadło
21%
Śpisz pięknie tak | Po kątach cisza graPiosenka Księżycowa - Varius Manx
18%
Powiedz mi, kto dał im prawo walk | Gdy moje serce chce bić | Żyć dla Ciebie cały czasNa Falochronie - Emigranci
11%
Zabrałeś razem z sobą tajemnice swe, zgubiłeś gdzieś do życia chęćSzczęśliwego Nowego Jorku - Artur Gadowski
11%
Jak zwykle to ja wykręcę numer twój | I powiem ci, o tobie piszę znówDziewczyna Mojego Chłopaka - Monika Brodka
5%
Jaki piękny jest ten świat, tylko czarne, białe | To jest proste, widzę - wiemSprzedawcy Marzeń - Myslovitz
5%

Rozkład punktacji

Percentyl według liczby udzielonych odpowiedzi

Procent ludzi z każdym wynikiem

Twoja historia wyników

Nie rozwiązałeś tego quizu